000 00614cam a22002053a 4500
001 39244
003 PGUSA
005 20140828083855.0
008 120324s2012||||xxu|||||s|||||000 | eng d
040 _aPGUSA
_beng
042 _adc
100 1 _aDodge, Theodore Ayrault,
_d1842-1909
245 1 0 _aPatroclus and Penelope :
_bA Chat in the Saddle
_h[electronic resource] /
_cTheodore Ayrault Dodge
260 _bProject Gutenberg,
_c2012
506 _aPublic domain in the USA.
516 _aElectronic text
830 0 _aProject Gutenberg
_v39244
856 4 0 _uhttp://www.gutenberg.org/ebooks/39244
942 _cEB
999 _c268497
_d268497